[Event "AUT-chT2 (Women) 2122"]
[Site "Austria"]
[Date "2022.04.03"]
[Round "7.3"]
[White "Amritzer, Martina"]
[Black "Weissenhorn, Anna"]
[Result "0-1"]
[WhiteElo "1571"]
[BlackElo "1388"]
[PlyCount "52"]
[EventDate "2021.10.17"]
[EventType "team-tourn"]
[EventRounds "7"]
[EventCountry "AUT"]
[SourceTitle "EXT 2024"]
[Source "ChessBase"]
[SourceDate "2023.10.10"]
[SourceVersion "1"]
[SourceVersionDate "2023.10.10"]
[SourceQuality "1"]
[WhiteTeam "Steyr (W) II"]
[BlackTeam "Ottakring (W)"]
[WhiteTeamCountry "AUT"]
[BlackTeamCountry "AUT"]

1. d4 d5 2. Bf4 Nf6 3. e3 Bf5 4. Bd3 Bg6 5. Nf3 Nc6 6. Ne5 Nxe5 7. dxe5 Ne4 8. Nd2 Nc5 9. Bxg6 fxg6 10. c3 Nd3+ 11. Ke2 Nxf4+ 12. exf4 e6 13. Re1 Bc5 14. Kf1 Qh4 15. Qf3 0-0 16. Qg3 Qxf4 17. Qxf4 Rxf4 18. f3 Raf8 19. Nb3 Bb6 20. Nc1 c5 21. Nd3 R4f5 22. Re2 g5 23. h3 h5 24. Ke1 g4 25. hxg4 hxg4 26. fxg4 Rf1+ 0-1

[Event "Admont 4 Lands (Women)"]
[Site "Admont"]
[Date "2017.06.04"]
[Round "2.5"]
[White "Amritzer, Martina"]
[Black "Unger, Eva"]
[Result "0-1"]
[WhiteElo "1571"]
[BlackElo "1757"]
[PlyCount "54"]
[EventDate "2017.06.03"]
[EventType "team-tourn"]
[EventRounds "3"]
[EventCountry "AUT"]
[SourceTitle "EXT 2020"]
[Source "ChessBase"]
[SourceDate "2019.10.17"]
[SourceVersion "1"]
[SourceVersionDate "2019.10.17"]
[SourceQuality "1"]
[WhiteTeam "Oberoesterreich (W)"]
[BlackTeam "Burgenland (W)"]
[WhiteTeamCountry "AUT"]
[BlackTeamCountry "AUT"]

1. d4 d6 2. Bf4 Nf6 3. e3 c6 4. h3 Bf5 5. Nd2 Nbd7 6. Bd3 Bxd3 7. cxd3 e5 8. dxe5 dxe5 9. Bh2 Nc5 10. Bxe5 Nxd3+ 11. Ke2 Nxe5 12. Qb3 Qc7 13. Ngf3 Nxf3 14. Nxf3 h6 15. Rhd1 Be7 16. Nd4 0-0 17. g4 Nd5 18. Rh1 Bf6 19. h4 Rfe8 20. Nf5 Nf4+ 21. Kf3 Ng6 22. g5 hxg5 23. hxg5 Bxg5 24. Rag1 Qe5 25. Rxg5 Qe4+ 26. Kg3 Qxh1 27. Rxg6 Qg1+ 0-1

[Event "AUT-chT (Women) 1415"]
[Site "Austria"]
[Date "2014.10.04"]
[Round "2.2"]
[White "Amritzer, Martina"]
[Black "Froewis, Annika"]
[Result "0-1"]
[WhiteElo "1332"]
[BlackElo "1991"]
[PlyCount "68"]
[EventDate "2014.10.03"]
[EventType "team-swiss"]
[EventRounds "9"]
[EventCountry "AUT"]
[SourceTitle "EXT 2016"]
[Source "ChessBase"]
[SourceDate "2015.10.08"]
[SourceVersion "1"]
[SourceVersionDate "2015.10.08"]
[SourceQuality "1"]
[WhiteTeam "Steyr (W)"]
[BlackTeam "Dornbirn (W)"]
[WhiteTeamCountry "AUT"]
[BlackTeamCountry "AUT"]

1. d4 d5 2. c4 e6 3. cxd5 exd5 4. Nc3 Nf6 5. e3 c6 6. Bd3 Bd6 7. Nf3 0-0 8. Qc2 Re8 9. Bd2 Nbd7 10. 0-0-0 a5 11. Na4 Nf8 12. h3 Ne4 13. Be1 Bd7 14. Nd2 Nf6 15. Nc5 b6 16. Nxd7 N8xd7 17. g4 h6 18. Kb1 c5 19. Nf3 Rc8 20. Qe2 cxd4 21. Nxd4 Be5 22. Nf5 Nc5 23. Bb5 Re6 24. Bd2 Kh7 25. Qf1 g6 26. f4 gxf5 27. gxf5 Re7 28. fxe5 Rxe5 29. Rg1 Nfe4 30. Qf4 Qf6 31. Be1 Rxf5 32. Qg4 Rg5 33. Qxc8 Rxg1 34. Kc1 Qf3 0-1

[Event "Hoersching op 1st"]
[Site "Hoersching"]
[Date "2013.03.26"]
[Round "5"]
[White "Amritzer, Martina"]
[Black "Thaller, Andreas"]
[Result "0-1"]
[WhiteElo "1261"]
[BlackElo "1691"]
[PlyCount "83"]
[EventDate "2013.03.22"]
[EventType "swiss"]
[EventRounds "7"]
[EventCountry "AUT"]
[SourceTitle "CBM 153 Extra"]
[Source "ChessBase"]
[SourceDate "2013.04.22"]
[SourceVersion "1"]
[SourceVersionDate "2013.04.22"]
[SourceQuality "1"]

1. c4 e5 2. Nc3 c5 3. g3 Nc6 4. Bg2 f5 5. e3 Nf6 6. Nge2 a6 7. 0-0 Be7 8. d4 e4 9. f3 exf3 10. Bxf3 g6 11. d5 Ne5 12. Bg2 Nxc4 13. b3 Nd6 14. Bb2 b5 15. Nb1 0-0 16. Nd2 Bb7 17. Bxf6 Bxf6 18. Rc1 Rc8 19. e4 Qb6 20. Kh1 Bg5 21. Nf4 fxe4 22. Nxe4 Nxe4 23. Bxe4 Bxf4 24. gxf4 Rce8 25. Bg2 d6 26. Rc2 Bc8 27. Rcf2 Bf5 28. Qf3 Qd8 29. Bh3 Be4 30. Be6+ Rxe6 31. dxe6 Bxf3+ 32. Rxf3 Qe7 33. Re1 Rf6 34. f5 Rxf5 35. Rxf5 gxf5 36. Rg1+ Kf8 37. Re1 Kg7 38. Kg2 Kf6 39. Kf3 d5 40. Kf4 h5 41. Re5 Qd6 42. e7 0-1